|
|
|
|
| LEADER |
01307ppm a22003138a 4500 |
| 001 |
00027000 |
| 005 |
20171026081023.0 |
| 008 |
110923s2009 ||||||viesd |
| 041 |
0 |
# |
|a vie
|
| 082 |
1 |
4 |
|b Đ100TH
|a 512
|
| 100 |
1 |
# |
|a Lê, Trung Chiến
|
| 245 |
1 |
0 |
|a Đa thức đối xứng, một số ứng dụng của nó vào chương trình toán Trung học cơ sở
|b Khóa luận tốt nghiệp : Ngành Sư phạm Toán học: Trình độ : Đại học
|c Lê Trung Kiên; Lê Hoàng Mai hướng dẫn
|
| 260 |
# |
# |
|a Đồng Tháp
|b Trường Đại học Đồng Tháp
|c 2009
|
| 300 |
# |
# |
|e 1 bản tóm tắt
|a 48 tr.
|c 30 cm.
|
| 500 |
# |
# |
|a ĐTTTS ghi: Bộ Giáo dục và Đào tạo. Trường Đại học Đồng Tháp
|
| 502 |
# |
# |
|a Thư mục : tr.48
|
| 650 |
|
|
|a Đại số
|
| 653 |
# |
# |
|a Chương trình
|
| 653 |
# |
# |
|a Ứng dụng
|
| 653 |
# |
# |
|a Đa thức đối xứng
|
| 653 |
# |
# |
|a Đa thức
|
| 653 |
# |
# |
|a Trung học cơ sở
|
| 700 |
1 |
# |
|a Lê, Hoàng Mai
|e hướng dẫn
|
| 852 |
# |
# |
|j KD.0011595
|
| 852 |
# |
# |
|b Kho đọc
|j KD.0011595
|
| 910 |
# |
# |
|a Ntuyet
|d 23/09/2011
|
| 980 |
# |
# |
|a Trung tâm Học liệu Lê Vũ Hùng, Trường Đại học Đồng Tháp
|